000 00915cam a2200301 4500
008 090401t1996 xxu||||| |||| 00| 0 eng d
020 _a0854067752
035 _a(Sirsi) u65780
041 _aeng
050 _a634.928
090 _aRICS 1996/57ABCD
100 _aNicholls, Derek
245 _aLowland forestry on traditional estates.
260 _aLondon
_bRICS
_c1996
300 _a57p. ; 30cm.
350 _a14.95
520 _aA research project carried out for the Royal Institution of Chartered Surveyors by the Department of Land Economy, Cambridge University.
650 _aLOWLAND FORESTRY
650 _aWOODLAND MANAGEMENT
650 _aWOODLAND
690 _aRURAL PRACTICE
700 _aJohnson, Jennifer
700 _aRoyce, Caroline
710 _aRoyal Institution of Chartered Surveyors
_94900
710 _aUniversity of Cambridge
_9713
942 _n0
948 _c04/03/1997
999 _c94787
_d94787